000 00635nam a2200253Ia 4500
003 0100
008 130303s9999 xx 000 0 und d
020 _a0847689174
040 _cARRUPELIB
050 _aB2779.K365 1998
245 _aKant's Critique of Pure reason
245 _bcritical essays
260 _aNew York
260 _bRowman and littlefield
260 _C1998
300 _a300p.
300 _b 23cm
440 _aCritical essays on the classics
650 _aPHILOSOPHY
650 _bVatican Council (2nd)
650 _cJohnXXIII, Pope, 1881-1963
700 _aKitcher, Patricia (ed.)
942 0 0 _01
999 _c17212
_d17212